Konstrukce pozemního stavitelství - nosné konstrukce zastřešení

Na minha lista:
Detalhes bibliográficos
Autor principal: Pšenička, František (Author)
Formato: Livro
Idioma:tcheco
Publicado em: Praha : České vysoké učení technické v Praze, 1983
Tags: Adicionar Tag
Sem tags, seja o primeiro a adicionar uma tag!

MARC

LEADER 00000nam a22000003a 4500
001 stu89797
005 20150617225623.7
008 040902s1983----cs------------------cze-d
040 |a STU  |b slo 
041 0 |a cze 
044 |a cs 
080 |a 624.91(075.8) 
080 |a 69.024(075.8) 
100 1 |a Pšenička, František  |4 aut 
245 1 |a Konstrukce pozemního stavitelství - nosné konstrukce zastřešení 
260 |a Praha :  |b České vysoké učení technické v Praze,  |c 1983 
300 |a 94 s 
996 |b 284V019420  |c V*18689/S-84  |l VVT  |s A  |a 24  |w stu89797_0001